000 00412 a2200157 4500
001 165174
020 _a
040 _cMagnum
100 _aBusquets, Maria Dolors
240 1 0 _aTemas transversais em educacao: bases para uma formacao integral
_lpor
245 1 0 _aTemas transversais em educacao: bases para uma formacao integral
362 0 _a1899
440 1 _aÁtica
697 _aPEDAGOGIA
942 _cBK
999 _c165174
_d165174